La comtesse Hortensia /

Hlavní autor: Méry, Joseph, 1798-1866
Jazyk: Francouzština
Vydáno: Bruxelles ; C. Muquardt, 1842
Fyzický popis: 244 stran ; 14 cm
Knihy
Uloženo v:
LEADER 00812nam a22002537i 4500
001 001953417
003 CZ BrMZK
005 20251110104251.0
007 ta
008 251110s1842 be er|||||||||||fre
040 |a BOA001  |b cze  |e rda 
072 7 |x Francouzská próza, francouzsky psaná  |a 821.133.1-3  |2 Konspekt  |9 25 
100 1 |a Méry, Joseph,  |d 1798-1866  |7 jn20001227154  |4 aut 
245 1 0 |a La comtesse Hortensia /  |c par Méry 
264 1 |a Bruxelles ;  |a et Leipzig :  |b C. Muquardt,  |c 1842 
300 |a 244 stran ;  |c 14 cm 
336 |a text  |b txt  |2 rdacontent 
337 |a bez média  |b n  |2 rdamedia 
338 |a svazek  |b nc  |2 rdacarrier 
910 |a BOA001  |b 1-0083.646 
990 |a BK 
993 |a Y 
991 |b 202511 
996 6 |b 2618788840  |c 1-0083.646  |l MZK  |r Sklad / do 1 hodiny  |n 0  |w 002024363  |u 000010  |a 1  |e BOA001  |j MZK50  |s P